| 000 | 00324 a2200133 4500 | ||
|---|---|---|---|
| 082 | _a181.7 | ||
| 090 |
_c4962 _d4962 |
||
| 100 | _aSharif,M.M. | ||
| 245 |
_aHistory of Muslim Philosophy _cM.M.Sharif |
||
| 260 |
_aKarachi _bRoyal Book Company _c1983 |
||
| 300 | _a787p | ||
| 500 | _aHard cover | ||
| 942 |
_aNBS _cBK _k181.7 SHA |
||
| 999 |
_c347390 _d347390 |
||